01070cam a22003374i 4500003000900000005001700009008004100026020001500067020001800082035002700100040003300127080000900160082002000169100002500189245018200214264003800396300005600434336002100490337002500511338002300536504003400559526000900593526000900602526000800611526000800619526000800627541001600635600002400651650002600675700003100701PE-LiUPU20250731183347.0121022s2005 xxk r 000 0 eng d a0500278377 a9780500278376 a(Sirsi) i9780500278376 aIE@bspacIE@dPE-LiUPUerda a7.0104a702.81bV732201 aViola, Bill,eautor.10aReasons for knocking at an empty house :bwritings 1973-1994 /cBill Viola ; edited by Robert Violette in collaboration with the author ; introduction by Jean-Christophe Ammann. aLondon :bThames & Hudson,c2005. a301 páginas :bilustraciones ;c24 centímetros. atext2rdacontent aunmediated2rdamedia avolume2rdacarrier aÍndices: páginas 293-301. aP158 aP146 aP17 aP12 aP06 g003-001195;14aViola, Bill,d1951- 4aEscritos de artistas.1 aViolette, Robert, eeditor